Celtic art on Scottish pistols, (Record no. 52764)
[ view plain ]
| 000 -LEADER | |
|---|---|
| fixed length control field | 00730cam a22002531 4500 |
| 001 - CONTROL NUMBER | |
| control field | s 42000013 |
| 003 - CONTROL NUMBER IDENTIFIER | |
| control field | DLC |
| 005 - DATE AND TIME OF LATEST TRANSACTION | |
| control field | 20260227111912.0 |
| 008 - FIXED-LENGTH DATA ELEMENTS--GENERAL INFORMATION | |
| fixed length control field | 790907s1940 nyua l000 0 eng |
| 010 ## - LIBRARY OF CONGRESS CONTROL NUMBER | |
| LC control number | s 42000013 |
| 035 ## - SYSTEM CONTROL NUMBER | |
| System control number | (OCoLC)5350099 |
| 040 ## - CATALOGING SOURCE | |
| Original cataloging agency | DLC |
| Transcribing agency | DSI |
| Modifying agency | DLC |
| 042 ## - AUTHENTICATION CODE | |
| Authentication code | premarc |
| 050 00 - LIBRARY OF CONGRESS CALL NUMBER | |
| Classification number | TS537 |
| Item number | .M4 |
| 100 1# - MAIN ENTRY--PERSONAL NAME | |
| Personal name | Mayer, Joseph Ralph, |
| Dates associated with a name | 1897- |
| 245 10 - TITLE STATEMENT | |
| Title | Celtic art on Scottish pistols, |
| Statement of responsibility, etc. | by Joseph R. Mayer. |
| 260 ## - PUBLICATION, DISTRIBUTION, ETC. | |
| Place of publication, distribution, etc. | New York, |
| Name of publisher, distributor, etc. | The Armor and arms club, |
| Date of publication, distribution, etc. | 1940. |
| 300 ## - PHYSICAL DESCRIPTION | |
| Extent | 8 p. l., 10 p. |
| Other physical details | illus. |
| Dimensions | 25 cm. |
| 490 0# - SERIES STATEMENT | |
| Series statement | Armor and arms club, New York. Papers, |
| Volume/sequential designation | no. 1 |
| 500 ## - GENERAL NOTE | |
| General note | "References" : p. 8. |
| 650 #0 - SUBJECT ADDED ENTRY--TOPICAL TERM | |
| Topical term or geographic name entry element | Pistols. |
| 650 #0 - SUBJECT ADDED ENTRY--TOPICAL TERM | |
| Topical term or geographic name entry element | Art, Celt. |
| 650 #0 - SUBJECT ADDED ENTRY--TOPICAL TERM | |
| Topical term or geographic name entry element | Decoration and ornament. |
No items available.